Великий терор в Україні. "Куркульська операція" 1937–1938 рр. (Запис № 402759)

МАРК-запис
000 -Лідер
fixed length control field 00878nam a22002777a 4500
001 - Контрольний номер
control field 116836
003 - Ідентифікатор контрольного номера
control field UA-OsUOA
005 - Дата та час останнього входження (трансакції)
control field 20220505215803.0
007 - Фіксоване поле фізичного опису
fixed length control field ta
008 - Елементи даних фіксованої довжини – загальна інформація
fixed length control field 20160411b un ||||| |||| 00| 0 ukr d
020 ## - Міжнародний стандартний книжковий номер (ISBN)
Міжнародний стандартний книжковий номер (ISBN) (НП) 9665183508
040 ## - Джерело каталогізації
Агенція оригінальної каталогізації UA-OsUOA
Мова каталогізації ukr
Агенція, яка здійснювала перезапис UA-OsUOA
Агенція, яка здійснювала модифікацію UA-OsUOA
041 ## - Код мови
Код мови тексту/ звукової доріжки чи окремого заголовка (П) ukr
080 ## - Індекс Універсальної десяткової класифікації
Індекс Універсальної десяткової класифікації (УДК) (НП) 323.28(477)
090 ## - Локальний шифр розміщення
Класифікаційний індекс УДК 323.28(477)
Авторський знак (НП) В27
245 ## - Відомості про назву
Назва (НП) Великий терор в Україні. "Куркульська операція" 1937–1938 рр.
Решта назви (НП) збірник документів
Дані про відповідальність (НП) упоряд. : С. Кокін, М. Юнге
Номер частини/ розділу роботи (П) Ч. 1
260 ## - Публікація, розповсюдження і т.п. (Вихідні дані)
Місце публікації, розповсюдження і т.п. (П) К.
Ім’я/ наймення видавництва, розповсюджувача і т.п. (П) КМА
Дата публікації, розповсюдження і т.п. (П) 2010
300 ## - Фізичний опис
Обсяг 614 с.
505 ## - Форматована примітка про зміст
Змішана інформація Т. 4
650 #7 - Додаткове предметне введення – тематичний термін
Тематичний термін чи географічна назва, як елемент введення (НП) 32 Політика
Джерело заголовка чи терміна UDC
700 1# - Додаткове введення – ім'я особи
Ім’я особи (НП) Кокін С.
Термін відношення упоряд.
700 1# - Додаткове введення – ім'я особи
Ім’я особи (НП) Юнге М.
Термін відношення упоряд.
942 ## - Додаткові елементи входу (Коха)
Тип елемента Koha Книги
Source of classification or shelving scheme Universal Decimal Classification
955 ## - Код типу видання за змістом
Код типу видання за змістом (НП) Наукові видання
Фонди
Стан вилучень Стан втрат Джерело класифікації або схеми стелажів Стан уражень Не для кредиту Постійне місце розташування Поточне розміщення Дата придбання Джерело придбання Вартість, звичайна ціна покупки Послідовне перерахування / хронологія Інвентарний номер Повний номер виклику Штрих-код Дата останнього перегляду Ціна ефективна від Тип елемента Koha
    Universal Decimal Classification     ЧЗ - Читальна зала ЧЗ - Читальна зала 11/04/2016 15/2016 40.00 Т. 4 150915 323.28(477) В27 150915 07/02/2022 11/04/2016 Книги
    Universal Decimal Classification     ЧЗ - Читальна зала ЧЗ - Читальна зала 11/04/2016 15/2016 40.00 Т. 4 150916 323.28(477) В27 150916 07/02/2022 11/04/2016 Книги